| 000 | 01610nam a2200301 4500 | ||
|---|---|---|---|
| 005 | 20170201101951.0 | ||
| 008 | 170201s1920 xxu||||fr|||| 000 0 eng d | ||
| 040 |
_aCO-BoUCM _bspa _cSandra Yazo _dSandra Yazo |
||
| 041 | 1 | _aeng | |
| 082 |
_220 _a863.9861 |
||
| 092 | _aE42N006 | ||
| 100 | 1 |
_aMarroquín, Lorenzo _d1856-1918 _983761 |
|
| 242 | 0 | 0 |
_aPaz _cDe Lorenzo Marroquín ; Traducción de Isaac Goldberg y W. V. Schierbrand _yspa |
| 245 | 1 | 0 |
_aPax (Peace) _cby Lorenzo Marroquín ; Translated by Isaac Goldberg and W. V. Schierbrand |
| 260 |
_aNew York (EStados Unidos) _bBretano's _c1920 |
||
| 300 |
_aviii, 480 páginas _c19 x 14 cm |
||
| 490 | _aBrentano’s Hispano-American [Hispano-Americana de Brentano] | ||
| 500 | _aDetalles físicos: Encuadernación rígida en cartón duro forrado en tela texturizada. Lomo y tapas con datos de publicación impresos en tinta negra. Guardas. Anteportada, con anotación manuscrita. Portada impresa en dos tintas, con un pequeño grabado (lema Numquam dormio: Nunca duermo). Texto impreso en una sola columna. Notas de pie de página en la introducción. Ejemplar en buen estado de conservación | ||
| 506 | _aConsulta en sala | ||
| 546 | _aTexto en inglés con expresiones en español | ||
| 650 | 7 |
_920483 _aNovela colombiana |
|
| 690 |
_aLiteratura colombiana _918629 |
||
| 700 | 1 |
_aGoldberg, Isaac _eeditor _983762 |
|
| 700 | 1 |
_aGoldberg, Isaac _etraductor _983762 |
|
| 700 | 1 |
_aSchierbrand, W. V. _etraductor _983763 |
|
| 856 | 4 | 1 |
_uhttps://archive.org/details/paxpeace00marruoft _zDisponible en línea |
| 942 |
_2LOCAL _cLIBRO _e1 _hE42N006 |
||
| 999 |
_c305840 _d305840 |
||